00394nam a2200109 a 450000500170000000800410001705000230005810000190008124500630010099900190016395201020018220140414131939.0110125s19uu xx 00 eng d aTR 372.5bB43 2005 aBentley, Linda aThe big book of quick and easy art activities. Grades K-3. c112545d112545 001040aMUbMUcTRd2011-01-25l0oTR 372.5 B43 2005pM3882r2014-04-14 00:00:00w2014-04-14yBK